000 00754nam a22002417a 4500
999 _c4613
_d4613
003 AR-CdUCM
008 190311b ||||| |||| 00| 0 spa d
040 _aMUNICIPALIDAD PROVINCIAL DEL CUSCO
_cBIBLIOTECA MUNICIPAL DEL CUSCO
041 _hger
082 _a920 /
_bV91
100 _aVolker, Michels
_914390
245 _aHermann Hesse vida y obra en inamgenes /
260 _aGermany:
_bFederal Republic of Germany,
_c1977.
300 _a255 paginas ;
_bIlustraciones,
_c17 cm.
505 _aBiografĂ­a
650 _aBiografia
_9437
650 _aVida y obra
_914391
650 _aAlemania
_91327
700 _aBonn, Felipe Boso (Traductor)
_914392
700 _aInter Nationes, Bonn Bad Godesberg
_914393
942 _2ddc
_cLIBROS
945 _awnts